| 000 | 00593nam a2200193Ia 4500 | ||
|---|---|---|---|
| 005 | 20250326144508.0 | ||
| 008 | 250326s9999 xx 000 0 und d | ||
| 037 | _aTextbook | ||
| 040 |
_aFMSL _beng _cFMSL |
||
| 041 |
_aeng _2eng |
||
| 084 |
_aD6548(X97B).44 P9 _qFMSL |
||
| 100 |
_aNoronha E _9749769 |
||
| 245 | 0 |
_aEmployee identity in indian call centres : notion of professionalism _cNoronha E; D'cruz P |
|
| 260 |
_aNew Delhi _bNew Delhi, Response _c2009 |
||
| 365 | _b395 | ||
| 650 | _aManagement | ||
| 942 |
_cTB _hD6548(X97B).44 P9 |
||
| 999 |
_c1303922 _d1303922 |
||